V ráji šumavském /
Román Karla Klostermanna (1848–1923) V ráji šumavském nás zavádí na Šumavu do sedmdesátých let 19. století, kdy se díky zvýšené, vichřicí a kůrovcovou kalamitou vynucené těžbě dřeva dostala do chudého kraje možnost slušného výdělku. Neumím naprosto vynalézati ani typů, ani povah, ani udál...
Uloženo v:
| Hlavní autor: | |
|---|---|
| Médium: | E-kniha |
| Jazyk: | Czech |
| Vydáno: |
Praha :
Franz Gilles von Jilek,
2023
|
| Tagy: |
Žádné tagy |
| LEADER | 01479nam a22002297i 4500 | ||
|---|---|---|---|
| 001 | 311991 | ||
| 007 | ta | ||
| 008 | 260601s2023 xr ||||| |||| 00| 0 cze d | ||
| 020 | |a 9990003802545 | ||
| 044 | |a xr | ||
| 100 | 1 | |a Klostermann, Karel |4 aut | |
| 245 | 1 | 0 | |a V ráji šumavském / |c Klostermann, Karel |
| 264 | 1 | |a Praha : |b Franz Gilles von Jilek, |c 2023 | |
| 300 | |a 1 online zdroj (268 stran) | ||
| 336 | |a text |b txt |2 rdacontent | ||
| 337 | |a bez média |b n |2 rdamedia | ||
| 338 | |a online zdroj |b cr |2 rdacarrier | ||
| 520 | 2 | |a Román Karla Klostermanna (1848–1923) V ráji šumavském nás zavádí na Šumavu do sedmdesátých let 19. století, kdy se díky zvýšené, vichřicí a kůrovcovou kalamitou vynucené těžbě dřeva dostala do chudého kraje možnost slušného výdělku. Neumím naprosto vynalézati ani typů, ani povah, ani událostí, toho daru se mi nedostalo. Osoby, jež předvádím čtenářům, existovaly, a co vypravuji ve svých románech a povídkách, se stalo, já jsem to pouze kombinoval, uspořádal a v jakýsi celek upravil… Karel Klostermann | |
| 910 | |a RBIT002 | ||
| 998 | |d 380254 |a https://core.palmknihy.cz/api/books/380254/cover?rxzgop |b https://core.palmknihy.cz/api/books/380254/cover/400?rxzgop |c https://core.palmknihy.cz/api/books/380254/cover/50?rxzgop |e |g 268 |i 9990003802545 |j https://core.palmknihy.cz/api/books/380254/preview.epub |l |q 49 |r 1 |s https://www.palmknihy.cz/kniha/380254 |t ebook |y 2023 |z 1 | ||
| 999 | |d 311989 | ||